| 000 | 01057nam a22002655i 4500 | ||
|---|---|---|---|
| 001 | 67158 | ||
| 003 | ES-MaACL | ||
| 005 | 20250807005413.0 | ||
| 007 | t| | ||
| 008 | 910709s1989 sp ||||0| spa d | ||
| 020 | _a84-7812-063-7 | ||
| 040 |
_aM-BN _bspa _cM-BN |
||
| 080 | _a929 Armona y Murga, José Antonio de | ||
| 080 | _a32 Armona y Murga, José Antonio de | ||
| 100 | 1 |
_aÁlvarez Barrientos, Joaquín _920704 |
|
| 245 | 1 | 0 |
_aJosé Antonio de Armona y Murga, corregidor de Madrid en tiempos de Carlos III / _cpor Joaquín Alvarez Barrientos. |
| 260 |
_aMadrid : _bAyuntamiento de Madrid, Area de Cultura, Educación, Juventud y Deportes : _bInstituto de Estudios Madrileños, _c1989. |
||
| 300 |
_a24 p ; _c22 cm. |
||
| 490 | 1 |
_aCiclo de conferencias: El Madrid de Carlos III ; _v25 |
|
| 600 | 1 | 4 |
_aArmona y Murga, José Antonio de. _922994 |
| 710 | 2 |
_aInstituto de Estudios Madrileños _94916 |
|
| 830 | 0 | 0 |
_aCiclo de conferencias: El Madrid de Carlos III _v25 _9180033 |
| 852 |
_aES-MaACL _j2172-F-26 _bR.117282 |
||
| 999 |
_c67158 _d67158 |
||